<?xml version="1.0" encoding="UTF-8"?>
<collection xmlns="http://www.loc.gov/MARC21/slim">
 <record>
  <leader>00869cam a2200205 7i4500</leader>
  <controlfield tag="001">0000039838</controlfield>
  <controlfield tag="005">20200225090000.0</controlfield>
  <datafield tag="020" ind1=" " ind2=" ">
   <subfield code="a">9781403154682 (pbk.) </subfield>
  </datafield>
  <datafield tag="090" ind1="0" ind2="0">
   <subfield code="a">BP605.S2 </subfield>
   <subfield code="b">HUB 2009</subfield>
  </datafield>
  <datafield tag="100" ind1="1" ind2=" ">
   <subfield code="a">Hubbard, L. Ron </subfield>
   <subfield code="e">author </subfield>
  </datafield>
  <datafield tag="240" ind1="0" ind2="4">
   <subfield code="a">The problems of work</subfield>
  </datafield>
  <datafield tag="245" ind1="1" ind2="0">
   <subfield code="a">Masalah pekerjaan : </subfield>
   <subfield code="b">scientology diterapkan pada dunia kerja sehari-hari  </subfield>
   <subfield code="c">L. Ron Hubbard.</subfield>
  </datafield>
  <datafield tag="264" ind1=" " ind2="1">
   <subfield code="a">California: </subfield>
   <subfield code="b">Bridge Publication, </subfield>
   <subfield code="c">2009.</subfield>
  </datafield>
  <datafield tag="300" ind1=" " ind2=" ">
   <subfield code="a">v, 183 pages: </subfield>
   <subfield code="b">illustrations; </subfield>
   <subfield code="c">18 cm.</subfield>
  </datafield>
  <datafield tag="500" ind1="0" ind2="0">
   <subfield code="a">Includes 3 CD-ROM with title &quot;The problems of work : scientology applied to the workaday world / L. Ron Hubbard&quot;</subfield>
  </datafield>
  <datafield tag="500" ind1="0" ind2="0">
   <subfield code="a">Accompany 1 booklet titled &quot;The problems of work : scientology applied to the workaday world : Glossary / L. Ron Hubbard&quot;</subfield>
  </datafield>
  <datafield tag="650" ind1="1" ind2="0">
   <subfield code="a">Job satisfaction </subfield>
  </datafield>
  <datafield tag="650" ind1="1" ind2="0">
   <subfield code="a">Work -- </subfield>
   <subfield code="x">Psychological aspects </subfield>
  </datafield>
  <datafield tag="650" ind1="1" ind2="0">
   <subfield code="a">Scientology </subfield>
  </datafield>
  <datafield tag="901" ind1=" " ind2=" ">
   <subfield code="u">www.scientology.org</subfield>
  </datafield>
 </record>
</collection>
